[Event "Troy (US Am N/4/24)"]
[Site "?"]
[Date "1995.??.??"]
[Round "?"]
[White "Quander, K."]
[Black "Walker, LeRoy"]
[Result "1-0"]
[WhiteElo "1605"]
[BlackElo "1935"]
[PlyCount "127"]
[EventDate "1995.??.??"]

{4/(24)} 1. d4 e5 2. dxe5 Nc6 3. Nf3 Qe7 4. Nc3 Nxe5 5. Nxe5 Qxe5 6. Qd5 Qxd5
7. Nxd5 Bd6 8. Bf4 Bxf4 9. Nxf4 Nf6 10. O-O-O c6 11. e3 d5 12. Be2 O-O 13. h3
Ne4 14. Nd3 a5 15. g4 a4 16. Rdg1 a3 17. f3 axb2+ 18. Kxb2 Nd6 19. Nf4 b5 20.
Ra1 Re8 21. Ng2 f5 22. Bd3 Nc4+ 23. Bxc4 bxc4 24. c3 Bd7 25. Rhe1 fxg4 26. hxg4
c5 27. Rad1 Bc6 28. Rd2 Reb8+ 29. Ka1 Ra3 30. Rb2 Rbb3 31. Reb1 Rxb2 32. Kxb2
Ra8 33. Rf1 Re8 34. Rf2 h6 35. Kc1 Rf8 36. Ne1 Re8 37. Nc2 Ba4 38. Re2 Bxc2 39.
Kxc2 d4 40. cxd4 cxd4 41. Kd2 d3 42. Re1 Ra8 43. Kc3 Ra3+ 44. Kxc4 d2 45. Rd1
Rxe3 46. Rxd2 Rxf3 47. a4 Rf4+ 48. Rd4 Rf8 49. a5 Kh7 50. Kb5 Kg6 51. Kb6 Kg5
52. a6 g6 53. a7 h5 54. gxh5 Kxh5 55. Rc4 Ra8 56. Kb7 Rxa7+ 57. Kxa7 g5 58. Kb6
g4 59. Kc5 g3 60. Kd4 Kg4 61. Ke3+ Kh3 62. Kf3 g2 63. Rc1 Kh2 64. Kf2 1-0

[Event "East Lansing (Class C/4/10)"]
[Site "?"]
[Date "1995.??.??"]
[Round "?"]
[White "Quander, K."]
[Black "Venia, Mike"]
[Result "1/2-1/2"]
[WhiteElo "1605"]
[BlackElo "1605"]
[PlyCount "84"]
[EventDate "1995.??.??"]

{4/(10)} 1. d4 d5 2. Nf3 Nf6 3. e3 Bf5 4. c4 e6 5. Qb3 Qc8 6. Nbd2 Bd6 7. cxd5
exd5 8. Bd3 Bxd3 9. Qxd3 O-O 10. Ne5 Nbd7 11. f4 Re8 12. Ndf3 Nf8 13. Bd2 Ne4
14. Qe2 f6 15. Nd3 Qe6 16. Bc1 Re7 17. Nd2 Rae8 18. Nxe4 Qxe4 19. O-O Nd7 20.
Rf3 c5 21. Nf2 Qxd4 22. Qb5 Qb4 23. Qxb4 cxb4 24. Nd3 Nb6 25. b3 a5 26. Bd2 Rc8
27. Ne1 Nd7 28. Rd1 Rce8 29. Nd3 Nc5 30. Nxc5 Bxc5 31. Kf1 b6 32. Bc1 d4 33.
exd4 Bxd4 34. Rfd3 Bc5 35. Bd2 f5 36. Re1 Re4 37. Rd5 g6 38. Re5 Rxe1+ 39. Rxe1
Rxe1+ 40. Kxe1 Kf7 41. Ke2 Ke6 42. Be3 Bxe3 1/2-1/2

[Event "Eastpointe (MCO/4/17)"]
[Site "?"]
[Date "1995.??.??"]
[Round "?"]
[White "Quander, K."]
[Black "Spooner, Frank"]
[Result "1/2-1/2"]
[WhiteElo "1605"]
[BlackElo "1820"]
[PlyCount "70"]
[EventDate "1995.??.??"]

{4/(17)} 1. d4 Nf6 2. Nf3 b6 3. e3 Bb7 4. Nbd2 e6 5. Bd3 d5 6. O-O Nbd7 7. Re1
Ne4 8. c4 f5 9. a3 Bd6 10. cxd5 exd5 11. Nf1 O-O 12. b4 g5 13. N3d2 Qf6 14. f3
Nxd2 15. Qxd2 Rae8 16. Bb2 Re7 17. Bc3 h5 18. e4 fxe4 19. fxe4 dxe4 20. Bc4+
Kh7 21. Ne3 Qg6 22. Rf1 Rf4 23. g3 Rf3 24. Be2 Rxf1+ 25. Rxf1 Rf7 26. Qd1 Rxf1+
27. Qxf1 Nf6 28. Bc4 Bc8 29. Be2 g4 30. Nc4 Be7 31. Ne3 c6 32. Ba6 Be6 33. Bc4
Nd5 34. Bxd5 cxd5 35. Qa6 Bg5 1/2-1/2

[Event "Eastpointe (MCO/2/29)"]
[Site "?"]
[Date "1995.??.??"]
[Round "?"]
[White "Quander, K."]
[Black "Rucker, Ed"]
[Result "1-0"]
[WhiteElo "1605"]
[BlackElo "1605"]
[PlyCount "93"]
[EventDate "1995.??.??"]

{2/(29)} 1. d4 d5 2. Nf3 Nf6 3. e3 Bg4 4. c4 e6 5. Qb3 Qc8 6. Nbd2 c5 7. cxd5
exd5 8. dxc5 Bxc5 9. Bb5+ Bd7 10. Ne5 O-O 11. Ndf3 Bxb5 12. Qxb5 a6 13. Qb3 Nc6
14. Bd2 Nxe5 15. Nxe5 b6 16. Nd3 Qe6 17. O-O Ne4 18. Rfd1 Rad8 19. Bb4 a5 20.
Nxc5 Nxc5 21. Bxc5 bxc5 22. Qb5 Rb8 23. Qxc5 Rxb2 24. Qxd5 Qxd5 25. Rxd5 a4 26.
Ra5 Rfb8 27. g3 R2b4 28. a3 Rc4 29. Rd1 g6 30. Rd4 Rbc8 31. Rxa4 Rc1+ 32. Kg2
R8c3 33. Ra7 Re1 34. Rdd7 Kg7 35. Rxf7+ Kh6 36. Rxh7+ Kg5 37. h4+ Kf5 38. Rhf7+
Ke6 39. Rfc7 Rd3 40. Rc6+ Kd5 41. Rxg6 Kc4 42. h5 Rd2 43. h6 Rxe3 44. h7 Ree2
45. Rf7 Rd8 46. Rg8 Ree8 47. Rfg7 1-0

[Event "East Lansing (Class C/3/11)"]
[Site "?"]
[Date "1995.??.??"]
[Round "?"]
[White "Quander, K."]
[Black "Robinson, Erik"]
[Result "1/2-1/2"]
[WhiteElo "1605"]
[BlackElo "1605"]
[PlyCount "101"]
[EventDate "1995.??.??"]

{3/(11)} 1. d4 Nf6 2. Nf3 c6 3. c4 g6 4. Nc3 Bg7 5. e4 d6 6. Be2 O-O 7. O-O Bg4
8. h3 Bxf3 9. Bxf3 Qb6 10. Rb1 Ne8 11. Be3 a6 12. Qd2 Qb4 13. Be2 b5 14. b3 Qa5
15. b4 Qd8 16. f4 Nd7 17. e5 e6 18. cxb5 axb5 19. g4 f6 20. f5 Qe7 21. exf6
Rxf6 22. Bg5 Nf8 23. Bxf6 Bxf6 24. Ne4 Bg7 25. fxg6 Nxg6 26. Rb3 Ra6 27. a3 Qa7
28. Ng5 Bh6 29. Qe3 Bxg5 30. Qxg5 Qxd4+ 31. Kh2 Qe5+ 32. Qxe5 Nxe5 33. Ra1 Kf7
34. Kg3 Ng6 35. h4 e5 36. Bf3 Nf6 37. Rc1 e4 38. Be2 Ke7 39. g5 Nd7 40. h5 Nge5
41. Kf4 Ra8 42. Kxe4 Nf8 43. Rf1 Ne6 44. Rg3 Rg8 45. Rfg1 Nf7 46. g6 hxg6 47.
hxg6 Nfg5+ 48. Ke3 Kf6 49. Rd1 d5 50. Rc1 Ne4 51. Rgg1 1/2-1/2

[Event "Troy (US Am N/6/15)"]
[Site "?"]
[Date "1995.??.??"]
[Round "?"]
[White "Quander, K."]
[Black "Grams, Paul"]
[Result "1-0"]
[WhiteElo "1605"]
[BlackElo "1825"]
[PlyCount "39"]
[EventDate "1995.??.??"]

{6/(15)} 1. d4 Nf6 2. Nf3 g6 3. c4 c5 4. d5 d6 5. Nc3 e6 6. e4 exd5 7. exd5 Bg7
8. Qe2+ Qe7 9. Qxe7+ Kxe7 10. Bd3 a6 11. a4 Re8 12. O-O Kf8 13. Bf4 Rd8 14. h3
h6 15. Rfe1 Ne8 16. Re2 Nd7 17. Rae1 Ndf6 18. g4 Nxg4 19. Rxe8+ Rxe8 20. Bxd6+
1-0

[Event "Eastpointe (MCO/6/19)"]
[Site "?"]
[Date "1995.??.??"]
[Round "?"]
[White "Quander, K."]
[Black "Blake, J."]
[Result "1-0"]
[WhiteElo "1605"]
[BlackElo "1770"]
[PlyCount "111"]
[EventDate "1995.??.??"]

{6/(19)} 1. d4 d5 2. Nf3 e6 3. e3 f5 4. Ne5 Nf6 5. Nd2 Bd6 6. c4 c6 7. Bd3 Nbd7
8. Nxd7 Bxd7 9. O-O Bxh2+ 10. Kxh2 Ng4+ 11. Kg1 Qh4 12. Nf3 Qh5 13. g3 O-O-O
14. Kg2 Qf7 15. Ne5 Nxe5 16. dxe5 g5 17. Bd2 h5 18. Qa4 Kb8 19. b4 h4 20. c5
hxg3 21. fxg3 f4 22. exf4 gxf4 23. Bxf4 Qg7 24. b5 cxb5 25. Bxb5 Bxb5 26. Qxb5
Rc8 27. Rac1 Rc6 28. Qd3 Qg4 29. Rh1 Rf8 30. Qf3 Qg8 31. Kf2 Rfc8 32. Qe3 b6
33. cxb6 axb6 34. Rxc6 Rxc6 35. Rc1 Qc8 36. Qa3 Rc2+ 37. Kf3 Qc4 38. Qd6+ Kb7
39. Rxc2 Qe4+ 40. Kg4 Qf5+ 41. Kh4 Qh7+ 42. Kg5 Qf5+ 43. Kh6 Qh3+ 44. Kg7 Qg4+
45. Kf8 Qf5+ 46. Ke7 Qxc2 47. Kxe6 Qg6+ 48. Kxd5 Qd3+ 49. Ke6 Qg6+ 50. Kd7 Qf7+
51. Qe7 Qd5+ 52. Ke8+ Ka6 53. e6 Qh5+ 54. Kd8 Qd5+ 55. Qd7 Qe4 56. e7 1-0

[Event "Grand Rapids (MI Am/4/21)"]
[Site "?"]
[Date "1995.??.??"]
[Round "?"]
[White "Purkey, L."]
[Black "Stacey, William"]
[Result "0-1"]
[WhiteElo "1605"]
[BlackElo "1605"]
[PlyCount "146"]
[EventDate "1995.??.??"]

{4/(21)} 1. e4 e5 2. Nf3 Nc6 3. Bb5 a6 4. Bxc6 bxc6 5. O-O d6 6. d4 Bg4 7. dxe5
Bxf3 8. Qxf3 dxe5 9. Rd1 Bd6 10. Nd2 Qf6 11. Qc3 Ne7 12. Nf3 O-O 13. Bg5 Qe6
14. Bxe7 Bxe7 15. Qxe5 Qxe5 16. Nxe5 Bf6 17. Nxc6 Bxb2 18. Rab1 Ba3 19. Rd3 Bc5
20. Rdb3 Bb6 21. Kf1 f5 22. Ne7+ Kh8 23. Nxf5 g6 24. Ne3 Rae8 25. f3 Rxe4 26.
Nd5 Rc4 27. Nxb6 cxb6 28. Rxb6 Kg7 29. R1b2 a5 30. Re6 Rf7 31. a3 Rc3 32. Ra2
Rd7 33. Ke1 Rd4 34. Rb6 Rc5 35. Rb3 Kf6 36. Rd3 Rdc4 37. Kd2 Ke5 38. Re3+ Kf5
39. c3 a4 40. Rb2 Ra5 41. Rb4 Rcc5 42. h4 Rab5 43. g4+ Kf6 44. Rxb5 Rxb5 45.
Kc2 Rb3 46. Re4 Rxa3 47. c4 Rxf3 48. c5 a3 49. Rc4 Rf2+ 50. Kb1 Rb2+ 51. Ka1
Rb8 52. c6 Ke6 53. Ka2 Ra8 54. Rd4 Ra7 55. Rd8 Rc7 56. Rh8 Kd6 57. h5 gxh5 58.
gxh5 Kxc6 59. Rg8 Rf7 60. h6 Rf6 61. Ra8 Kd5 62. Ra5+ Ke4 63. Rh5 Kf4 64. Kxa3
Kg4 65. Rh1 Kg5 66. Kb4 Rxh6 67. Rg1+ Kf4 68. Kc4 Rh2 69. Kd5 h5 70. Rf1+ Kg3
71. Ke5 h4 72. Kf5 h3 73. Kg5 Rf2 0-1

[Event "East Lansing (Class B/1/12)"]
[Site "?"]
[Date "1995.??.??"]
[Round "?"]
[White "Purkey, L."]
[Black "Foote, Greg"]
[Result "0-1"]
[WhiteElo "1605"]
[BlackElo "1705"]
[PlyCount "56"]
[EventDate "1995.??.??"]

{1/(12)} 1. e4 c5 2. Nf3 Nc6 3. d4 cxd4 4. Nxd4 e6 5. Nc3 a6 6. Be2 Qc7 7. O-O
Nf6 8. Be3 Bb4 9. Ndb5 axb5 10. Nxb5 Qd8 11. a3 Be7 12. Bg5 O-O 13. e5 Nxe5 14.
Bf4 d6 15. c4 Ng6 16. Bg3 Ne4 17. Bd3 Nxg3 18. fxg3 Bd7 19. Nc3 Qb6+ 20. Rf2
Ne5 21. Bf1 Bg5 22. c5 Qxc5 23. Ne4 Qe3 24. Nxg5 Qxg5 25. Qxd6 Bc6 26. Re1 Ng4
27. Rf4 Rfd8 28. Qc7 Qc5+ 0-1

[Event "East Lansing (Class B/4/10)"]
[Site "?"]
[Date "1995.??.??"]
[Round "?"]
[White "Purkey, L."]
[Black "Brinks, K."]
[Result "0-1"]
[WhiteElo "1605"]
[BlackElo "1650"]
[PlyCount "102"]
[EventDate "1995.??.??"]

{4/(10)} 1. e4 e5 2. Nf3 f5 3. exf5 e4 4. Nd4 Nf6 5. Nc3 d5 6. Ne6 Bxe6 7. fxe6
Bc5 8. d4 Bb4 9. Bg5 O-O 10. Be2 c6 11. O-O Bd6 12. f4 Qc7 13. f5 Bxh2+ 14. Kh1
h6 15. Bxf6 Rxf6 16. Bh5 Bd6 17. Bf7+ Rxf7 18. exf7+ Qxf7 19. Qg4 Nd7 20. Qg6
Qf6 21. Qxf6 Nxf6 22. Ne2 Ng4 23. Ng1 Ne3 24. Rf2 Bg3 25. Re2 Nxf5 26. c3 Re8
27. Nf3 Kh7 28. Nd2 g6 29. Nf1 h5 30. Ne3 Rf8 31. Rf1 Kg7 32. Nxf5+ gxf5 33. b3
Kg6 34. c4 Kg5 35. cxd5 cxd5 36. Rc1 Rf7 37. Rc8 f4 38. Rd8 Rf5 39. Rd7 f3 40.
gxf3 exf3 41. Rg7+ Kh4 42. Rb2 f2 43. Rb1 f1=Q+ 44. Rxf1 Rxf1+ 45. Kg2 Rf2+ 46.
Kg1 Rxa2 47. Rxb7 Kh3 48. Kf1 Ra1+ 49. Ke2 Kg2 50. Rc7 Ra2+ 51. Kd3 h4 0-1

[Event "Grand Rapids (MI Am/3/21)"]
[Site "?"]
[Date "1995.??.??"]
[Round "?"]
[White "Purkey, L."]
[Black "Brant, K."]
[Result "1-0"]
[WhiteElo "1605"]
[BlackElo "1605"]
[PlyCount "105"]
[EventDate "1995.??.??"]

{3/(21)} 1. e4 e5 2. Nf3 Nf6 3. Nxe5 Qe7 4. d4 d6 5. Nf3 Nxe4 6. Be2 Nf6 7. O-O
g6 8. Re1 Be6 9. Nc3 c6 10. Bg5 Bg7 11. d5 cxd5 12. Nxd5 Qd8 13. Bxf6 Bxf6 14.
Nxf6+ Qxf6 15. Qxd6 Nc6 16. Bb5 Rd8 17. Bxc6+ bxc6 18. Qxc6+ Kf8 19. c3 Kg7 20.
Nd4 Bd5 21. Qxf6+ Kxf6 22. a3 Rb8 23. b4 Rbc8 24. Rac1 Rc7 25. Re2 Rhc8 26.
Rec2 Be4 27. Re2 Bd3 28. Re3 Rxc3 29. Rxc3 Rxc3 30. f3 Rxa3 31. Nc6 Ra1+ 32.
Kf2 Bb5 33. Nd4 Bd7 34. Rb3 Ke5 35. Ke3 Ba4 36. Rb2 Re1+ 37. Kf2 Rd1 38. Ra2
Rxd4 39. Rxa4 Kf6 40. Ke3 Rd7 41. g3 Ke5 42. b5 Rb7 43. Ra5 h5 44. b6+ Kf6 45.
bxa7 Rb3+ 46. Kd4 Rb4+ 47. Kc5 Rb1 48. a8=Q Rc1+ 49. Kb6 Re1 50. Qd8+ Kg7 51.
Ra8 Re6+ 52. Kc5 Re5+ 53. Kd4 1-0

[Event "East Lansing (Class B/5/11)"]
[Site "?"]
[Date "1995.??.??"]
[Round "?"]
[White "Purkey, L."]
[Black "Asbury, Victor"]
[Result "1-0"]
[WhiteElo "1605"]
[BlackElo "1625"]
[PlyCount "99"]
[EventDate "1995.??.??"]

{5/(11)} 1. e4 c5 2. Nf3 Nc6 3. d4 cxd4 4. Nxd4 g6 5. Nc3 Bg7 6. Be3 Nf6 7. Qd2
O-O 8. O-O-O a6 9. f4 d6 10. Be2 Qc7 11. h4 h5 12. f5 Bd7 13. g4 e5 14. Nxc6
Bxc6 15. fxg6 fxg6 16. Bc4+ Kh7 17. Nd5 Nxe4 18. Nxc7 Nxd2 19. Rxd2 Bxh1 20.
Nxa8 Rxa8 21. gxh5 gxh5 22. Rxd6 Rf8 23. Rd7 Bc6 24. Rc7 Rf3 25. Bc5 Kg6 26.
Bxa6 Rf7 27. Bd3+ e4 28. Rxf7 Kxf7 29. Be2 Kg6 30. b3 Bc3 31. Be3 Bd7 32. Bd2
Bf6 33. Be1 Bg4 34. Kd2 Bd4 35. c4 Kf5 36. b4 Kf4 37. a4 Be3+ 38. Kd1 Bg1 39.
a5 Ke3 40. Bxg4 hxg4 41. h5 Bf2 42. h6 g3 43. h7 g2 44. h8=Q g1=Q 45. Qh3+ Qg3
46. Qxg3+ Bxg3 47. Bxg3 Kd4 48. c5 Kc4 49. Be1 Kd3 50. a6 1-0

[Event "Lansing (Mini-Swiss.2/2)"]
[Site "?"]
[Date "1995.??.??"]
[Round "?"]
[White "Pulsipher, D."]
[Black "Sundeen, David"]
[Result "0-1"]
[WhiteElo "1710"]
[BlackElo "1605"]
[PlyCount "102"]
[EventDate "1995.??.??"]

{2/(2)} 1. d4 Nf6 2. c4 g6 3. g3 Bg7 4. Bg2 O-O 5. e4 d6 6. Ne2 Nc6 7. O-O e5
8. d5 Ne7 9. Nbc3 Ne8 10. Bg5 h6 11. Be3 a6 12. Qd2 Kh7 13. f4 exf4 14. Nxf4 f5
15. Rae1 Nf6 16. Kh1 Ng4 17. Bd4 Ne5 18. b3 Bd7 19. Ne6 Bxe6 20. dxe6 Qc8 21.
exf5 Nxf5 22. Bxe5 Bxe5 23. Nd5 Qd8 24. g4 Qh4 25. Rxe5 Ng3+ 26. Kg1 Nxf1 27.
Bxf1 Qxg4+ 28. Qg2 Qxg2+ 29. Bxg2 dxe5 30. Nxc7 Rac8 31. Nd5 Kg7 32. Bh3 Rce8
33. Nc7 Re7 34. Nd5 Rfe8 35. Nxe7 Rxe7 36. Kf2 Kf6 37. Ke3 Re8 38. c5 h5 39.
Bg2 Kxe6 40. Bxb7 a5 41. a3 g5 42. b4 axb4 43. axb4 Rf8 44. c6 Kd6 45. b5 Kc7
46. Ke4 g4 47. Kxe5 h4 48. Kd5 g3 49. hxg3 hxg3 50. Kc5 Rf5+ 51. Kb4 g2 0-1

[Event "Lansing (Mini-Swiss.2/2)"]
[Site "?"]
[Date "1995.??.??"]
[Round "?"]
[White "Pulsipher, D."]
[Black "Ryskamp, John"]
[Result "0-1"]
[WhiteElo "1735"]
[BlackElo "1605"]
[PlyCount "122"]
[EventDate "1995.??.??"]

{2/(2)} 1. d4 e6 2. c4 Nf6 3. g3 d5 4. Bg2 c5 5. cxd5 Nxd5 6. e4 Nf6 7. Ne2 Nc6
8. d5 exd5 9. exd5 Nb4 10. Nbc3 Bf5 11. O-O Bd6 12. Bg5 O-O 13. Bxf6 Qxf6 14.
Qd2 Rfe8 15. Rad1 Bg4 16. f3 Bf5 17. a3 Na6 18. Ne4 Qe5 19. Nxd6 Qxd6 20. Nc3
Nc7 21. Rfe1 b6 22. Ne4 Bxe4 23. fxe4 Re5 24. Qf4 Nb5 25. Rf1 f6 26. Bh3 Nd4
27. Rde1 a5 28. Qg4 Rd8 29. Bg2 Kf7 30. h4 h6 31. Qf4 Rde8 32. Rd1 Ne2+ 33. Kh2
Nxf4 34. gxf4 R5e7 35. e5 Qb8 36. d6 Ra7 37. Bd5+ Kf8 38. Bc6 Rd8 39. Rfe1 fxe5
40. fxe5 Qc8 41. Bd5 Rf7 42. Bxf7 Kxf7 43. e6+ Qxe6 44. Rxe6 Kxe6 45. d7 Rxd7
46. Re1+ Kd5 47. Rd1+ Kc6 48. Rb1 Rd4 49. Kg3 Kb5 50. h5 Ka4 51. Re1 Kb3 52.
Re6 Kxb2 53. Rxb6+ Kc3 54. Rb5 c4 55. Rxa5 Kd3 56. Rc5 c3 57. Kf2 Kd2 58. a4 c2
59. a5 c1=Q 60. Rxc1 Kxc1 61. Ke3 Rd5 0-1

[Event "Lansing (Mini-Swiss.2/1)"]
[Site "?"]
[Date "1995.??.??"]
[Round "?"]
[White "Pulsipher, D."]
[Black "Robinson, Erik"]
[Result "1-0"]
[WhiteElo "1745"]
[BlackElo "1605"]
[PlyCount "139"]
[EventDate "1995.??.??"]

{2/(1)} 1. d4 e6 2. c4 c5 3. d5 d6 4. Nc3 Be7 5. g3 Nd7 6. Bg2 Nb6 7. b3 Rb8 8.
e4 Bf6 9. Nge2 Bd7 10. O-O e5 11. Be3 Qc8 12. Qd2 Ne7 13. Rae1 Ng6 14. Nb5 Bxb5
15. cxb5 a6 16. Qa5 Bd8 17. bxa6 bxa6 18. f4 O-O 19. Qc3 Qg4 20. h3 Qc8 21. Kh2
exf4 22. Nxf4 Bf6 23. Qc2 Be5 24. Nxg6 hxg6 25. Qf2 Nd7 26. Bg5 Nf6 27. Bf4 Bd4
28. Qf3 Rb6 29. e5 Nh5 30. exd6 Nxf4 31. Qxf4 Qd7 32. Re7 Qxd6 33. Rxf7 Rxf7
34. Qxf7+ Kh7 35. Rf4 Bf6 36. Be4 Bg5 37. Rg4 Qf6 38. Qxf6 Rxf6 39. Rxg5 Rf2+
40. Kg1 Rxa2 41. d6 Rd2 42. Rd5 Re2 43. Bd3 Re8 44. Bxa6 Rd8 45. d7 Kg8 46. Bc8
Kf8 47. Re5 Kf7 48. Kf2 Kf6 49. Ke3 g5 50. h4 g4 51. Kd3 g5 52. Rxg5 Ke6 53.
Rxg4 Ke7 54. Rg5 Kf6 55. Rxc5 Re8 56. dxe8=N+ Ke7 57. Re5+ Kf7 58. b4 Kf8 59.
b5 Kf7 60. b6 Kf8 61. b7 Kg8 62. b8=Q Kh8 63. g4 Kg8 64. Ke3 Kh8 65. Kf4 Kg8
66. Kf5 Kh8 67. h5 Kg8 68. g5 Kh8 69. Qc7 Kg8 70. Qg7# 1-0

[Event "Lansing (Mini-Swiss.2/3)"]
[Site "?"]
[Date "1995.??.??"]
[Round "?"]
[White "Pulsipher, D."]
[Black "McGrath, Michael"]
[Result "1-0"]
[WhiteElo "1745"]
[BlackElo "1730"]
[PlyCount "73"]
[EventDate "1995.??.??"]

{2/(3)} 1. d4 d5 2. c4 Nc6 3. Nf3 Bg4 4. Ne5 Nxe5 5. dxe5 dxc4 6. Qa4+ Qd7 7.
Qxc4 O-O-O 8. Nc3 h5 9. Be3 Kb8 10. Rd1 Qc8 11. Rxd8 Qxd8 12. h3 Be6 13. Qa4 a6
14. g3 Bd5 15. Nxd5 Nh6 16. Bxh6 Rxh6 17. Bg2 Re6 18. f4 g5 19. e3 f6 20. exf6
exf6 21. e4 Qxd5 22. O-O Qc5+ 23. Kh2 Bd6 24. Qb3 b5 25. Qxe6 gxf4 26. gxf4 Qe3
27. Qxf6 Qd2 28. e5 Bc5 29. Qh8+ Ka7 30. Qa8+ Kb6 31. Qc6+ Ka5 32. Qxc5 Qxb2
33. Rf3 Ka4 34. a3 a5 35. Qc3 Qa2 36. Re3 b4 37. Qc6# 1-0

[Event "Flint (MI Senior/1/4)"]
[Site "?"]
[Date "1995.??.??"]
[Round "?"]
[White "Pulsipher, D."]
[Black "Gibbs, Tony"]
[Result "1-0"]
[WhiteElo "1770"]
[BlackElo "1605"]
[PlyCount "70"]
[EventDate "1995.??.??"]

{1/(4)} 1. d4 d5 2. c4 c6 3. cxd5 cxd5 4. Nf3 Nf6 5. Nc3 Nc6 6. Bf4 g6 7. e3
Bg7 8. Bb5 O-O 9. Bxc6 bxc6 10. O-O Bf5 11. Qa4 Qb6 12. Qa3 Rfe8 13. h3 Ne4 14.
Nxe4 Bxe4 15. Ne5 Qb7 16. Rac1 Rac8 17. Rfd1 Bf8 18. Qc3 Bf5 19. b3 Qb6 20. g4
Be6 21. b4 f6 22. Nd3 Bg7 23. Nc5 Bf7 24. a3 e5 25. dxe5 fxe5 26. Bg5 Qc7 27.
Qc2 e4 28. Bf4 Be5 29. Bxe5 Rxe5 30. Qc3 h5 31. Kf1 Rg5 32. Ke2 hxg4 33. hxg4
Rxg4 34. Rh1 Kf8 35. Qf6 Ke8 1-0

[Event "Flint (MI Senior/3/4)"]
[Site "?"]
[Date "1995.??.??"]
[Round "?"]
[White "Pulsipher, D."]
[Black "Carr, J."]
[Result "1/2-1/2"]
[WhiteElo "1770"]
[BlackElo "1730"]
[PlyCount "125"]
[EventDate "1995.??.??"]

{3/(4)} 1. d4 d5 2. c4 c6 3. cxd5 cxd5 4. Nf3 Nf6 5. Nc3 Bf5 6. Bf4 e6 7. e3
Nbd7 8. Bb5 a6 9. Bxd7+ Qxd7 10. O-O h6 11. Rc1 Rc8 12. Qa4 Be7 13. Ne5 Qxa4
14. Nxa4 O-O 15. Nb6 Rxc1 16. Rxc1 Bd8 17. Nbd7 Nxd7 18. Nxd7 Re8 19. Bd6 f6
20. Nc5 e5 21. Nxb7 exd4 22. exd4 Bb6 23. Bc5 Bc7 24. Bb4 Bf4 25. Re1 Rb8 26.
Re7 Bc8 27. Bd6 Rxb7 28. Rxb7 Bxb7 29. Bxf4 Kf7 30. Kf1 h5 31. Ke2 Ke6 32. b4
Bc6 33. f3 Bb5+ 34. Kf2 Bc6 35. h3 g6 36. g4 hxg4 37. fxg4 Bb5 38. h4 Be8 39.
Kf3 Ba4 40. Kg3 Be8 41. Bc7 f5 42. g5 Ba4 43. Kf4 Bb5 44. Be5 Be8 45. Ke3 Kf7
46. Kd3 Bb5+ 47. Kc3 Be2 48. a4 Ke6 49. Kd2 Bc4 50. Ke3 Kf7 51. Kf4 Be2 52. Bd6
Ke6 53. Bc5 Kd7 54. Ke5 Kc6 55. Ba7 Kb7 56. Bc5 Kc6 57. Kf4 Bd1 58. a5 Be2 59.
Be7 Kb5 60. Bf8 Kc4 61. Ke3 Bh5 62. Bd6 Bg4 63. Bc5 1/2-1/2

[Event "Lansing (Mini-Swiss.2/3)"]
[Site "?"]
[Date "1995.??.??"]
[Round "?"]
[White "Pulsipher, D."]
[Black "Belill, Mike"]
[Result "1-0"]
[WhiteElo "1710"]
[BlackElo "1605"]
[PlyCount "99"]
[EventDate "1995.??.??"]

{2/(3)} 1. d4 Nf6 2. c4 g6 3. g3 Bg7 4. Bg2 O-O 5. e4 d6 6. Ne2 Nbd7 7. O-O c5
8. d5 Ne5 9. Qc2 Bg4 10. f3 Bd7 11. h3 Bc8 12. f4 Ned7 13. Nbc3 a6 14. Be3 Rb8
15. a4 Re8 16. f5 Ne5 17. b3 e6 18. fxg6 fxg6 19. Qd2 exd5 20. exd5 Bf5 21. Bg5
Rf8 22. Nf4 Qd7 23. Ne6 Bxe6 24. dxe6 Qxe6 25. Bxf6 Kh8 26. Bxg7+ Kxg7 27. Rxf8
Rxf8 28. Rf1 Rxf1+ 29. Kxf1 Qf5+ 30. Kg1 Nf3+ 31. Bxf3 Qxf3 32. Kh2 h5 33. Nd5
Qxb3 34. Qc3+ Qxc3 35. Nxc3 Kf6 36. Kg2 Ke5 37. Ne2 Ke4 38. Kf2 Kd3 39. Nf4+
Kxc4 40. Nxg6 b5 41. axb5 axb5 42. g4 hxg4 43. hxg4 b4 44. Ke2 Kd4 45. Nf4 Ke5
46. g5 b3 47. Kd2 Kd4 48. g6 c4 49. g7 c3+ 50. Kc1 1-0

[Event "Troy (TCC Res/1/18)"]
[Site "?"]
[Date "1995.??.??"]
[Round "?"]
[White "Prince, S."]
[Black "Wright, Ken"]
[Result "0-1"]
[WhiteElo "1605"]
[BlackElo "1605"]
[PlyCount "82"]
[EventDate "1995.??.??"]

{1/(18)} 1. e4 b6 2. d4 Bb7 3. Nc3 d6 4. Nf3 Nf6 5. Bd3 e6 6. O-O h6 7. e5 Nd5
8. Ne4 Be7 9. a3 c6 10. c4 Nc7 11. Bf4 d5 12. Nd6+ Bxd6 13. exd6 Nca6 14. Ne5
Qf6 15. Qg4 Nd7 16. Nxf7 Kxf7 17. Be5 Nxe5 18. dxe5 Qg5 19. Qf3+ Ke8 20. cxd5
Rf8 21. Qg3 cxd5 22. Bb5+ Kf7 23. h4 Qh5 24. Rac1 Kg8 25. Rc2 Nc5 26. Be2 Qf5
27. Rfc1 Rac8 28. Bg4 Qg6 29. f3 h5 30. b4 Nd3 31. Rxc8 Bxc8 32. Rc7 hxg4 33.
d7 Ba6 34. Rxa7 Nc1 35. Qxg4 Ne2+ 36. Kh2 Qxg4 37. fxg4 Bc4 38. Rc7 Bb5 39. Rb7
Rd8 40. Rxb6 Bxd7 41. Rd6 Nc3 0-1

[Event "East Lansing (Class DE/2/22)"]
[Site "?"]
[Date "1995.??.??"]
[Round "?"]
[White "Prince, S."]
[Black "Lueer, Michael"]
[Result "1-0"]
[WhiteElo "1605"]
[BlackElo "1605"]
[PlyCount "83"]
[EventDate "1995.??.??"]

{2/(22)} 1. d4 g6 2. c4 Bg7 3. Nf3 Nf6 4. Nc3 d6 5. e3 O-O 6. Be2 Bg4 7. e4 c5
8. d5 Bxf3 9. Bxf3 Nbd7 10. Be3 Ne5 11. Be2 Qa5 12. Qd2 Nfg4 13. Bf4 f5 14. O-O
fxe4 15. Nxe4 Qxd2 16. Bxd2 Nf6 17. Ng5 Nfd7 18. Ne6 Rf5 19. Rab1 Nb6 20. b3 h5
21. Bc3 Nbd7 22. Kh1 Nf8 23. Nxg7 Kxg7 24. f4 Nfd7 25. fxe5 Nxe5 26. Rxf5 gxf5
27. Bxe5+ dxe5 28. Bxh5 Kh6 29. Bf3 e4 30. Be2 f4 31. Re1 e3 32. g3 Kg5 33. Kg2
Kf5 34. Rf1 e5 35. dxe6 Kxe6 36. Rxf4 Ke5 37. Kf3 Rh8 38. Rh4 Rxh4 39. gxh4 Kd4
40. h5 a6 41. h6 b5 42. h7 1-0

[Event "Troy (US Am N/2/32)"]
[Site "?"]
[Date "1995.??.??"]
[Round "?"]
[White "Prince, S."]
[Black "Koernke, R."]
[Result "1/2-1/2"]
[WhiteElo "1605"]
[BlackElo "1605"]
[PlyCount "104"]
[EventDate "1995.??.??"]

{2/(32)} 1. e4 c5 2. Nf3 e6 3. d4 cxd4 4. Nxd4 a6 5. c4 Nf6 6. Nc3 Bb4 7. e5
Ne4 8. Bd2 Nxd2 9. Qxd2 Qc7 10. Nf3 Nc6 11. Qe3 O-O 12. Be2 b6 13. O-O Bc5 14.
Qe4 Bb7 15. Kh1 Nd4 16. Qf4 Nxf3 17. Bxf3 Bxf3 18. gxf3 f6 19. Rae1 fxe5 20.
Qg3 Qc6 21. Ne4 Rf7 22. Rg1 g6 23. Rg2 Raf8 24. Reg1 Kh8 25. Qxe5+ Rg7 26. Rxg6
hxg6 27. Rxg6 Rff7 28. Qh5+ Kg8 29. Rxg7+ Kxg7 30. Qg5+ Kh8 31. Qd8+ Bf8 32.
Qh4+ Kg8 33. Nf6+ Rxf6 34. Qxf6 e5 35. Qxe5 Qxf3+ 36. Kg1 d6 37. Qg3+ Qxg3+ 38.
hxg3 b5 39. cxb5 axb5 40. f4 d5 41. Kf2 Kf7 42. Ke3 Bc5+ 43. Kd3 Kf6 44. g4 Ke6
45. b3 Bd6 46. f5+ Ke5 47. a4 b4 48. a5 Bc5 49. a6 Ba7 50. Ke2 d4 51. Kd3 Bc5
52. Kd2 Ba7 1/2-1/2

[Event "Troy (US Am N/3/34)"]
[Site "?"]
[Date "1995.??.??"]
[Round "?"]
[White "Prince, S."]
[Black "Griffin, John"]
[Result "0-1"]
[WhiteElo "1605"]
[BlackElo "1605"]
[PlyCount "104"]
[EventDate "1995.??.??"]

{3/(34)} 1. e4 c5 2. Nf3 Nc6 3. d4 cxd4 4. Nxd4 Nf6 5. Nc3 e5 6. Nxc6 bxc6 7.
Bg5 Bb4 8. Qf3 h6 9. Bh4 g5 10. Bg3 Qe7 11. a3 Bxc3+ 12. Qxc3 Nxe4 13. Qxe5
Qxe5 14. Bxe5 O-O 15. f3 Re8 16. fxe4 Rxe5 17. Bd3 d5 18. O-O-O dxe4 19. Rde1
e3 20. h3 Be6 21. Re2 Re8 22. Rhe1 Bd7 23. g4 c5 24. c4 Bc6 25. Rf1 Bd7 26. Kc2
Kg7 27. Rf3 Ba4+ 28. b3 Bc6 29. Rf1 a5 30. a4 Bd7 31. Rf3 f5 32. gxf5 Kf6 33.
Kd1 Bc6 34. Rg3 Be4 35. Kc2 Bxf5 36. Rf3 h5 37. Bxf5 Rxf5 38. Rexe3 Rxe3 39.
Rxe3 Re5 40. Rf3+ Ke7 41. Kd3 g4 42. hxg4 hxg4 43. Rg3 Rg5 44. Ke4 Kf6 45. Kf4
Rf5+ 46. Kxg4 Rg5+ 47. Kf4 Rxg3 48. Kxg3 Ke5 49. Kf3 Kd4 50. Kf4 Kc3 51. Ke4
Kxb3 52. Kd5 Kb4 0-1

[Event "Troy (US Am N/6/33)"]
[Site "?"]
[Date "1995.??.??"]
[Round "?"]
[White "Prince, S."]
[Black "Gayle, M."]
[Result "1-0"]
[WhiteElo "1605"]
[BlackElo "1620"]
[PlyCount "39"]
[EventDate "1995.??.??"]

{6/(33)} 1. e4 e6 2. d4 d5 3. e5 c5 4. Nf3 Nc6 5. Bb5 Bd7 6. O-O cxd4 7. Bxc6
bxc6 8. Qxd4 c5 9. Qf4 f6 10. Nc3 Nh6 11. Re1 fxe5 12. Nxe5 Bd6 13. Nxd5 Rf8
14. Qg3 Nf5 15. Qh3 Qa5 16. Bg5 c4 17. Qh5+ g6 18. Qxh7 Bxe5 19. Rxe5 Qa4 20.
Nc7# 1-0